Catálogo Biblioteca Central

El régimen sancionatorio administrativo y penal para la protección del medio ambiente en el Perú (Registro nro. 232592)

Detalles MARC
000 -CABECERA
campo de control de longitud fija 00787naa a22002057a 4500
001 - NÚMERO DE CONTROL
campo de control 232592
003 - IDENTIFICADOR DEL NÚMERO DE CONTROL
campo de control ES-MaBCM
005 - FECHA Y HORA DE LA ÚLTIMA TRANSACCIÓN
campo de control 20260306132826.0
008 - CÓDIGOS DE INFORMACIÓN DE LONGITUD FIJA
campo de control de longitud fija 260304s2024 sp ||||| |||| 00| 0 spa d
040 ## - FUENTE DE LA CATALOGACIÓN
Centro transcriptor ES-MaBCM
100 1# - PUNTO DE ACCESO PRINCIPAL - NOMBRE DE PERSONA
Nombre de persona Zegarra Valdivia, Diego
9 (RLIN) 50144
245 13 - MENCIÓN DE TÍTULO
Título El régimen sancionatorio administrativo y penal para la protección del medio ambiente en el Perú
Mención de responsabilidad etc. Diego Zegarra Valdivia, Ramón Huapaya Tapia
504 ## - NOTA DE BIBLIOGRAFÍA, ETC.
Nota de bibliografía etc. Bibliografía: p. 386-[392]
650 #7 - PUNTO DE ACCESO ADICIONAL DE MATERIA--TÉRMINO DE MATERIA
Término de materia o nombre geográfico como elemento inicial Sanción administrativa
9 (RLIN) 60171
650 #7 - PUNTO DE ACCESO ADICIONAL DE MATERIA--TÉRMINO DE MATERIA
Término de materia o nombre geográfico como elemento inicial Protección del medio ambiente
9 (RLIN) 59954
651 #4 - PUNTO DE ACCESO ADICIONAL DE MATERIA--NOMBRE GEOGRÁFICO
Nombre geográfico Perú
9 (RLIN) 115648
700 1# - PUNTO DE ACCESO ADICIONAL--NOMBRE DE PERSONA
Nombre de persona Huapaya Tapia, Ramón
9 (RLIN) 131266
773 ## - ENLACE AL DOCUMENTO FUENTE
Lugar editor y fecha de publicación Las Rozas, Madrid
Parte(s) relacionada(s) (2024) . p. [303-391]- Loc. AN.427
Título Anuario de derecho administrativo sancionador
Número de control del registro relacionado 222108
942 ## - ELEMENTOS DE PUNTO DE ACCESO ADICIONAL (KOHA)
Fuente del sistema de clasificación o colocación Universal Decimal Classification
Tipo de ítem Koha Artículos de revistas
Existencias
Estado de retiro Estado de pérdida Fuente del sistema de clasificación o colocación Estado dañado No para préstamo Localización permanente Ubicación/localización actual Ubicación en estantería Fecha de adquisición Total de préstamos Fecha visto por última vez Precio válido a partir de Tipo de ítem Koha
    Universal Decimal Classification     Biblioteca Central del Ministerio de la Presidencia Biblioteca Central del Ministerio de la Presidencia Sala 04/03/2026   04/03/2026 04/03/2026 Artículos de revistas